Random North American Flag-Shape to Country - Statistics

General Stats
  • This quiz has been taken 126 times
  • The average score is 8 of 9
Answer Stats
Picture Answer % Correct
Barbados
100%
Canada
100%
Cuba
100%
Guatemala
100%
Haiti
100%
Honduras
100%
United States
100%
Belize
93%
Jamaica
92%
Dominican Republic
91%
Nicaragua
91%
Mexico
90%
Saint Lucia
89%
Panama
86%
Antigua and Barbuda
83%
Trinidad and Tobago
81%
Saint Kitts and Nevis
80%
Saint Vincent and the Grenadines
80%
Bahamas
79%
Dominica
71%
El Salvador
71%
Grenada
70%
Costa Rica
67%
No matching quizzes found
Score Distribution
Percent of People with Each Score
Percentile by Number Answered
Your Score History
You have not taken this quiz